000 00506nam a2200169Ia 4500
008 090711s9999 xx 000 0 und d
082 _b44761
100 _aवालावलकर सी. पु.
245 _aलव्हस्टोरी
260 _c1982
300 _a206
600 _aवालावलकर सी. पु.
630 _aलव्हस्टोरी
700 _aवालावलकर सी. पु.
730 _aलव्हस्टोरी
942 _cBOOK
999 _c314882
_d314882